000
00369 a2200157 4500
245
_a
Hormones : aspects fondamentaux et physiologiques
100
_a
Banlieu, E.E.
700
_a
Corvol, P.
700
_a
Desbuquois, B.
260
_c
1978
300
_a
X-548 p.
035
_a
3192-3195
999
_c
16705
_d
16705